Meaning in texts: (Record no. 4959)

000 -LEADER
fixed length control field 00677nam a2200205 a 4500
001 - CONTROL NUMBER
control field :::00002700$&:&@@
003 - CONTROL NUMBER IDENTIFIER
control field OkBaRHE
005 - DATE AND TIME OF LATEST TRANSACTION
control field 20000607103256.0
008 - FIXED-LENGTH DATA ELEMENTS--GENERAL INFORMATION
fixed length control field s1978 j 000 0 eng u
040 ## - CATALOGING SOURCE
Transcribing agency
100 1# - MAIN ENTRY--PERSONAL NAME
Personal name McKnight, Edgar V.
245 10 - TITLE STATEMENT
Title Meaning in texts:
Remainder of title the historical shaping of a narrative hermeneutics.
260 ## - PUBLICATION, DISTRIBUTION, ETC. (IMPRINT)
Place of publication, distribution, etc Philadelphia, PA., :
Name of publisher, distributor, etc Fortress Press
Date of publication, distribution, etc c1978
300 ## - PHYSICAL DESCRIPTION
Extent xi, 332 p. ;
Dimensions 24 cm.
650 ## - SUBJECT ADDED ENTRY--TOPICAL TERM
Topical term or geographic name as entry element Bible New Testament
General subdivision Hermeneutics
650 ## - SUBJECT ADDED ENTRY--TOPICAL TERM
Topical term or geographic name as entry element Hermeneutics
650 ## - SUBJECT ADDED ENTRY--TOPICAL TERM
Topical term or geographic name as entry element Structuralism (Literary Analysis)
942 ## - ADDED ENTRY ELEMENTS (KOHA)
Source of classification or shelving scheme
Koha item type Books
Copies
Withdrawn status Copy number Shelving location Koha item type Full call number Not for loan Permanent Location Source of classification or shelving scheme Lost status Price effective from Damaged status Date acquired Date last seen Barcode
 1General StacksBooksBS 2331 .M3 RHEMA Bible Training College  2010-04-14 2010-04-142018-03-162700